| 000 | 00905nam a2200253 a 4500 | ||
|---|---|---|---|
| 003 | MX-MxUPN | ||
| 005 | 20220907152021.0 | ||
| 008 | 190807t1999 mx b rb 000 0 spa d | ||
| 020 | _a9709000098 | ||
| 035 | _aUPN01000231853 | ||
| 040 |
_aMX-MxUPN _bspa _cMX-MxUPN |
||
| 041 | 1 |
_aspa _heng |
|
| 050 | 1 | 4 |
_aS934 M6 _bS55 1999 |
| 100 | 1 |
_aSimonian, Lane, _d1960- _945953 |
|
| 240 | 1 | 0 |
_a[Defending the land of the jaguar. A history of conservation in Mexico. _lEspañol] |
| 245 | 1 | 3 |
_aLa defensa de la tierra del jaguar : _buna historia de la conservación en México |
| 250 | _aPrimera edición. | ||
| 260 |
_aMéxico, D.F. : _bCONABIO : _bSEMARNAP, Instituto Nacional de Ecología _c1999. |
||
| 300 |
_a345 páginas : _bmapas |
||
| 504 | _aIncluye referencias bibliográficas. | ||
| 650 | 7 |
_aConservación de los recursos naturales _zMéxico _2 _914958 |
|
| 942 |
_2lcc _cLIBRO |
||
| 999 |
_c203948 _d203948 |
||